Nejlepší praxe v řízení lidských zdrojů /

Salvato in:
Dettagli Bibliografici
Autore principale: Šikýř, Martin (Autore)
Natura: Libro
Lingua:ceco
Pubblicazione: Praha Grada 2014
Soggetti:
Tags: Aggiungi Tag
Nessun Tag, puoi essere il primo ad aggiungerne!!

MARC

LEADER 00000nam a22000003a 4500
001 0091762
003 SK-STU
005 20211126095356.6
007 ta
008 211126s ----xo-----e------000-0-----d
020 |a 978-80-247-5212-9 
040 |a STU  |b slo 
041 0 |a cze 
044 |a xr 
100 1 |a Šikýř, Martin  |4 aut 
245 1 0 |a Nejlepší praxe v řízení lidských zdrojů /  |c aut. Martin Šikýř 
260 |a Praha  |b Grada  |c 2014 
300 |a 188 s. 
650 0 7 |a personálny manažment 
996 |b 284M088922  |c M* 14552-1  |l MMKN  |s A  |a 24  |w 0091762_0001